| 000 | 00855nam a2200229Ia 4500 | ||
|---|---|---|---|
| 001 | 14610 | ||
| 003 | GE_BSU | ||
| 008 | 181216s||||||||xx |||||||||||||| ||und|| | ||
| 020 | _a9994005189 | ||
| 040 | _cGE_BSU | ||
| 080 | _a821.353.1-144 | ||
| 100 | _aგიგაური,გიორგი | ||
| 245 | _aკაცი სარკმელთან. ბალადები და პოემები | ||
| 245 | _cრედ. ვაჟა ოთარაშვილი. მხატვ. მალხაზ თავაძე | ||
| 260 | _aთბილისი | ||
| 260 | _bეროვნული მწერლობა | ||
| 260 | _c2006 | ||
| 300 | _a179გვ.1ფ.პორტრ.15სმ. | ||
| 653 | _aბალადები და პოემები | ||
| 653 | _aკაცი სარკმელთან | ||
| 942 | _cBK | ||
| 999 |
_c47739 _d47739 |
||